MARC

LEADER 00000nam2a2200000 4500
001 332117
005 20251222102318.0
035 |a (RuTPU)RU\TPU\book\358016 
035 |a RU\TPU\book\358014 
090 |a 332117 
100 |a 20170516d1888 m||y0rusy50 ca 
101 0 |a rus 
102 |a RU 
105 |a a j 001yy 
181 0 |a i   |b  e  
182 0 |a n 
183 0 |a nc  |2 RDAcarrier 
200 0 |a Ч. 2: Геологическая деятельность атмосферы и воды (денудационные процессы) 
203 |a Текст  |b визуальный  |c непосредственный 
210 |d 1888 
215 |a VIII, 620 с.  |c с 8 физическими и геологическими картами и 300 политипажами в тексте 
283 |a volume  |2 RDAcarrier 
300 |a Прижизненное издание 
300 |a Текст в русской дореформенной орфографии 
316 |5 63413507: 18//52  |a На переднем форзаце дарственная надпись: "Многоуважаемому Николаю Александровичу Кулибину от автора" 
316 |5 63413507: 18//52  |a На переднем форзаце надпись: "Студентам на дом давать нельзя, так как это издание распродано, Председатель библ. ком. В. Обручев" 
316 |5 63413507: 18//52  |a На переднем форзаце владельческий экслибрис библиотеки ТТИ 
316 |5 63413507: 18//52  |a На переднем форзаце владельческий экслибрис С. Н. Кулибина 
317 |5 63413507: 18//52  |a Поступил в НТБ в 1900 г. в составе книжного собрания С. Н. Кулибина 
320 |a Алф. указ. имен и названий: с. 588-612 
320 |a Перечень рис.: с. 613-620 
320 |a Библиогр. к главам в конце текста 
461 1 |0 332109  |t Физическая геология  |o курс лекций читанных студентам Горного института и Института инженеров путей сообщения  |o в 2 т.  |f И. В. Мушкетов  |e [1-е изд.]  |c Санкт-Петербург  |n Типография М. М. Стасюлевича  |d 1888-1891  |v Ч. 2: Геологическая деятельность атмосферы и воды (денудационные процессы)  |9 332109 
606 1 |a Геология физическая  |2 stltpush  |3 (RuTPU)RU\TPU\subj\6124  |9 34082 
610 1 |a атмосфера 
610 1 |a вода 
610 1 |a климат 
610 1 |a выветривание 
610 1 |a подземные воды 
610 1 |a проточные воды 
610 1 |a озера 
610 1 |a моря 
610 1 |a лед 
610 1 |a геологическое летоисчисление 
610 1 |a библиотека С. Н. Кулибина 
610 1 |a владельческие знаки 
610 1 |a владельческая надпись 
610 1 |a дарственные надписи 
610 1 |a дары автора 
675 |a 551.1/.4  |v 3 
700 1 |a Мушкетов  |b И. В.  |c российский геолог  |c исследователь Средней Азии  |f 1850-1902  |g Иван Васильевич  |9 5113 
801 1 |a RU  |b 63413507  |c 20130326 
801 2 |a RU  |b 63413507  |c 20200908  |g RCR 
942 |c BK